Statistiques concernant Stations du tramway de Mulhouse sur une carte

Cliquez ici pour prendre le quiz!

Statistiques générales

  • Ce quiz a été pris 66 fois
  • Le résultat moyen est 30 sur 56

Réponses sur la Carte

Les réponses sont colorées sur une échelle allant du rouge au vert en fonction du pourcentage des utilisateurs qui les ont devinées à leur premier essai. Vous pouvez retrouver ces pourcentages ci-dessous.
 

Statistiques - réponses

LigneArrêt% Correct
1Gare Centrale
96%
3Gare Centrale
96%
2Porte Jeune
85%
1Porte Jeune
85%
Tram-TrainPorte Jeune
85%
3Porte Jeune
85%
Tram-TrainMairie
77%
3Mairie
77%
2Mairie
77%
Tram-TrainRépublique
77%
1République
77%
3République
77%
2Coteaux
75%
Tram-TrainPorte Haute
71%
2Porte Haute
71%
3Porte Haute
71%
3Lutterbach Gare
67%
Tram-TrainLutterbach Gare
67%
2Nouveau Bassin
67%
2Daguerre
60%
Tram-TrainDaguerre
60%
3Daguerre
60%
1Grand Rex
58%
2Palais des Sports
58%
2Université
58%
2Tour Nessel
54%
Tram-TrainTour Nessel
54%
3Tour Nessel
54%
1Cité Administrative
52%
2Illberg
50%
1Musée de l'Auto
50%
1Châtaignier
48%
1Rattachement
48%
2Bel Air
44%
1Stade de Bourtzwiller
44%
3Dornach Gare
42%
Tram-TrainDornach Gare
42%
1Doller
40%
2Nordfeld
38%
Tram-TrainZu-Rhein
38%
3Zu-Rhein
38%
Tram-TrainCernay
35%
2Lefebvre
35%
1Saint-Nazaire
35%
2Nations
31%
Tram-TrainThann Gare
31%
Tram-TrainThann Saint-Jacques
31%
3Musées
29%
Tram-TrainMusées
29%
1Tuilerie
29%
Tram-TrainVieux-Thann
27%
Tram-TrainVieux-Thann ZI
25%
Tram-TrainThann-Centre
23%
Tram-TrainGraffenwald
19%
1Parc Expo
13%
Tram-TrainGare Centrale
8%

Distribution des résultats

Percentile par nombre de réponses

% des personnes avec chaque résultat

Votre développement - résultats

Vous n’avez pas pris ce quiz